| 000 | 00662nam a2200181Ia 4500 | ||
|---|---|---|---|
| 008 | 090124s9999 xx 000 0 und d | ||
| 082 | _b37442 | ||
| 100 | _aशर्मा यादेवन्द्र चन्द्र | ||
| 245 | _a संन्यासी और सुंदरी | ||
| 250 | _a1 | ||
| 260 | _c1982 | ||
| 300 | _a139 | ||
| 600 | _aशर्मा यादेवन्द्र चन्द्र | ||
| 630 | _a संन्यासी और सुंदरी | ||
| 700 | _aशर्मा यादेवन्द्र चन्द्र | ||
| 730 | _a संन्यासी और सुंदरी | ||
| 942 | _cBOOK | ||
| 999 |
_c103436 _d103436 |
||